000 00619nam a2200181Ia 4500
008 100920s9999 xx 000 0 und d
082 _b105761
_a891.463.1 न 09
100 _aआर.के.नारायण/अनु:धर्मापुरीकर मधुकर.
245 _aमालगुडी डेज.
260 _bसाकेत,औरंगाबाद.
_c2009
300 _a304
_bसाधी
365 _b250
520 _aलघुकथा.
630 _aमालगुडी डेज.
650 _aलघुकथा.
730 _aमालगुडी डेज.
942 _cBOOK
999 _c746192
_d746189